Culture générale aléatoire #4 - Statistiques

Statistiques générales
  • Ce quiz a été pris 526 fois
  • Le résultat moyen est 14 sur 20
Statistiques - réponses
Question Réponse % Correct
Frère de Romulus Rémus
96%
Couleur dominante du drapeau marocain Rouge
96%
Nombre d'apôtres de Jésus 12
95%
Plus grosse planète du système solaire Jupiter
95%
Animal sacré en Inde Vache
91%
Capitale de la Turquie Ankara
90%
Océan le plus profond Océan Pacifique
90%
Elément chimique de symbole "Mg" Magnésium
86%
44e Président des Etats-Unis Barack Obama
85%
Dramaturge auteur de Hamlet William Shakespeare
80%
Officier juif alsacien accusé d'avoir livré des informations à l'armée allemande Alfred Dreyfus
64%
Fleuve traversant Budapest Danube
64%
Spécialité culinaire associée à la ville de Toulouse Cassoulet
61%
Fondateur du protestantisme Martin Luther
60%
Année de la Bataille de Waterloo 1815
59%
Fruit emblématique de Cavaillon Melon
55%
Animal figurant sur le drapeau du Kazakhstan Aigle
49%
Gaz se transformant en Hélium à la surface du soleil Hydrogène
44%
Ville célèbre pour son Alhambra Grenade
42%
Langue autrefois parlée par les Incas Quechua
23%
Aucun quiz correspondant
Distribution des résultats
% des personnes avec chaque résultat
Percentile par nombre de réponses
Votre historique - résultats
Vous n’avez pas pris ce quiz